TOP 10 des jeux vidéos les plus vendus - Statistiques

Statistiques générales
  • Ce quiz a été pris 213 fois
  • Le résultat moyen est 2 sur 10
Statistiques - réponses
Nombres de ventes Réponse % Correct
300 Millions Minecraft
89%
215 Millions GTA 5
69%
76,5 Millions Mario Kart 8
29%
74 Millions Red Dead Redemption 2
21%
83 Millions Wii Sports
14%
75 Millions PUBG
7%
60 Millions The Witcher 3
6%
60,5 Millions Terraria
5%
48 Millions Animal Crossing : New Horizons
4%
55 Millions Human
2%
Aucun quiz correspondant
Distribution des résultats
% des personnes avec chaque résultat
Percentile par nombre de réponses
Votre historique - résultats
Vous n’avez pas pris ce quiz